000 00872nam a2200265 a 4500
001 000017121
005 20240530073918.0
008 100317s1983 dr 000 f spa d
020 _a8484000958
040 _aDO-SdBNP
_bspa
_cBNPHU
082 _aRD863.44
_bC322t
100 1 _aCartagena Portalatín, Aída,
_d1918-1994
_923557
245 1 3 _aLa tarde en que murió Estefanía :
_bnovela /
_cAída Cartagena Portalatín.
260 _aSanto Domingo :
_bTaller,
_c1983.
300 _a210 p ;
_c24 cm.
490 1 _aMontesinos
490 1 _aBiblioteca Taller
_v143
500 _aIncluye datos biográfios del autor en la contracubierta
590 _aInventariado, 2020/LP
650 0 _aNovela dominicana
_9223
650 0 _aLiteratura dominicana.
_967
830 0 _aMontesinos
_922896
830 0 _aBiblioteca Taller
_9164
910 _aValidado. Control de calidad MFF
999 _c16647
_d16647